LEADER 05420nam 2200673Ia 450 001 9910140618703321 005 20200520144314.0 010 $a1-282-54996-0 010 $a9786612549960 010 $a1-118-25586-0 010 $a0-470-63245-3 035 $a(CKB)2670000000009607 035 $a(EBL)487687 035 $a(SSID)ssj0000397858 035 $a(PQKBManifestationID)11283958 035 $a(PQKBTitleCode)TC0000397858 035 $a(PQKBWorkID)10357623 035 $a(PQKB)10155875 035 $a(Au-PeEL)EBL487687 035 $a(CaPaEBR)ebr10366617 035 $a(CaONFJC)MIL254996 035 $a(CaSebORM)9780470503720 035 $a(MiAaPQ)EBC487687 035 $a(OCoLC)613705298 035 $a(EXLCZ)992670000000009607 100 $a20100126d2010 uy 0 101 0 $aeng 135 $aurunu||||| 181 $ctxt 182 $cc 183 $acr 200 10$aMastering Microsoft Windows Small Business Server 2008$b[electronic resource] /$fSteven Johnson 205 $a1st edition 210 $aIndianapolis, Ind. $cJohn Wiley & Sons Inc$dc2010 215 $a1 online resource (411 p.) 225 0 $aSerious skills Mastering Microsoft Windows Small business server 2008 300 $aIncludes index. 311 $a0-470-50372-6 327 $aMastering Microsoft Windows Small Business Server 2008; Acknowledgments; About the Author; Contents at a Glance; Contents; Introduction; Who Should Read This Book; The Mastering Series; What Is Covered in This Book; How to Contact the Author; Chapter 1: Installing Windows Small Business Server 2008; Windows Small Business Server 2008 Overview; Upgrading to Windows Small Business Server 2008; Special Installation Types; Installing Windows Small Business Server 2008; SBS 2008 Initial Setup; The Windows SBS Console; Addressing Alerts, Warnings, and Concerns; Getting Started Tasks 327 $aReviewing Your Installation The Bottom Line; Chapter 2: Setting Up and Utilizing an SBS 2008 Network; Understanding SOHO; Planning an SBS Network; Dynamic Host Configuration Protocol; Expanding an SBS 2008 Network; Using the Command Line with Network Administration; Diagnosing Network Problems; Implementing Wireless Networking; The Bottom Line; Chapter 3: Migrating and ''Upgrading'' to Small Business Server 2008; SBS 2008 Limitations; Overview of Migrating from SBS 2003 to SBS 2008; Preparing for Migration by Creating Backups; Preparing Your Network for Migration 327 $aPreparing Your Server for Migration to SBS 2008 Preparing Your Users for Migration; Checking the Best Practices Analyzer (BPA); Migrating; Installing SBS 2008 in Migration Mode; The Bottom Line; Chapter 4: Implementing a DNS Name Server and File Sharing with SBS 2008; The Domain Name System; Implementing File Sharing; The Distributed File System; The File Server Resource Manager; The Bottom Line; Chapter 5: Configuring and Administering Active Directory with SBS 2008; Active Directory Structure; Active Directory Objects; SBS Business Design Models Overview; Flexible Single Master Operations 327 $aOrganizational Units Creating Objects with Active Directory; Large Object Actions; The Bottom Line; Chapter 6: Configuring and Managing Groups and User Accounts with SBS 2008; Group Structure with SBS 2008; Creating a Group Strategy; Planning Group Layouts; Creating Users and Groups with SBS 2008; Administering Security Groups with SBS 2008; Creating Distribution Groups; Administering Distribution Groups; Security Permissions; Assigning Security Group File Permissions; Folder Sharing; The Bottom Line; Chapter 7: Managing Group Policy with SBS 2008; The History of Group Policy 327 $aWhy We Use Group Policy with SBS Group Policy Objects; Group Policy Links; Administering Group Policy; Special Uses of Group Policy; Group Policy Preferences; Group Policy Results; The Bottom Line; Chapter 8: Backing Up and Performing Disaster Recovery; RAID; RAID Configurations; Backup Media Types; Implementing a Backup Strategy; Restoring SBS 2008; The Bottom Line; Chapter 9: Remote Access, Security, and Adding Servers with SBS 2008; Reasons to Add a Server; Adding a Second Server; Domain Controllers and Their Roles; Introduction to Remote Access; Introduction to Encryption 327 $aMethods of Access 330 $aA complete, winning approach to the number one small business solution Do you have 75 or fewer users or devices on your small-business network? Find out how to integrate everything you need for your mini-enterprise with Microsoft's new Windows Server 2008 Small Business Server, a custom collection of server and management technologies designed to help small operations run smoothly without a giant IT department. This comprehensive guide shows you how to master all SBS components as well as handle integration with other Microsoft technologies.Focuses on Windows Server 2008 Small 606 $aSmall business$xData processing 606 $aSmall business$xComputer networks 615 0$aSmall business$xData processing. 615 0$aSmall business$xComputer networks. 676 $a005.446 676 $a005.71376 700 $aJohnson$b Steven$0478180 801 0$bMiAaPQ 801 1$bMiAaPQ 801 2$bMiAaPQ 906 $aBOOK 912 $a9910140618703321 996 $aMastering Microsoft Windows Small Business Server 2008$92110676 997 $aUNINA LEADER 02753nam 2200409z- 450 001 9910485577703321 005 20210622 010 $a2-88351-742-8 035 $a(CKB)5590000000503910 035 $a(oapen)https://directory.doabooks.org/handle/20.500.12854/70901 035 $a(oapen)doab70901 035 $a(EXLCZ)995590000000503910 100 $a20202106d2021 |y 0 101 0 $aita 135 $aurmn|---annan 181 $ctxt$2rdacontent 182 $cc$2rdamedia 183 $acr$2rdacarrier 200 00$aAnimazione socioculturale dell'infanzia e della gioventu?$eRisultati del primo sondaggio nazionale svizzero 210 $cSeismo$d2021 215 $a1 online resource (192 p.) 311 08$a2-88351-097-0 330 $aThis book presents an overview of the results of the first standardised survey of services of open child and youth work in Switzerland, which was conducted in 2018 as a sub-project of the project Language Regions of the umbrella organisation Open Child and Youth Work Switzerland (DOJ/AFAJ) and other cooperation partners and was published in the three national languages of Switzerland which are German, French and Italian. A total of 620 services of open child and youth work, in which at least one permanently employed and/or paid professional worked, took part in the survey. In the book, the following aspects of the field of action are described in an overview and then contextualised: Types of services, opportunities for participation, quality work, professional orientation, financing, sponsorship and governance and management structures, statements on the target group, clients and staff, as well as on spatial or financial resources, founding year, opening hours etc., but also assessments of the professionals on specific topics. The results were also compared between the different linguistic regions and in the three different types of communes "urban", "intermediate" and "rural". The results of the study show a picture of a differentiated and complex field of action, illustrate achievements to date and point out the potential for future development. 517 $aAnimazione socioculturale dell'infanzia e della gioventù 517 $aAnimazione socioculturale dell'infanzia e della gioventù 606 $aSociology$2bicssc 610 $asociocultural animation, open child and youth work, survey 615 7$aSociology 700 $aGerodetti$b Julia$4auth$01081732 702 $aFuchs$b Manuel$4auth 702 $aFellmann$b Lukas$4auth 702 $aGerngross$b Martina$4auth 702 $aSteiner$b Olivier$4auth 906 $aBOOK 912 $a9910485577703321 996 $aAnimazione socioculturale dell'infanzia e della gioventù$93016081 997 $aUNINA